Contemporary direct marketing

Αποθηκεύτηκε σε:
Λεπτομέρειες βιβλιογραφικής εγγραφής
Κύριος συγγραφέας: Spiller, Lisa
Άλλοι συγγραφείς: Baier, Martin
Μορφή: Βιβλίο
Γλώσσα:English
Δημοσίευση: Upper Saddle River, New Jersey : Pearson Prentice Hall, 2005
Θέματα:
Ετικέτες: Προσθήκη ετικέτας
Δεν υπάρχουν, Καταχωρήστε ετικέτα πρώτοι!

MARC

LEADER 00000nam a2200000 i 4500
001 1/52512
008 070824s2005 eng d
020 |a 0-13-101770-5 
035 |l 10090023 
040 |a GR-MY-UA  |b gre  |e aacr 
041 0 |a eng 
082 0 |a 658.872  |2 (22) 
100 1 |a Spiller, Lisa. 
245 1 0 |a Contemporary direct marketing /  |c Lisa D. Spiller, Martin Baier 
260 |a Upper Saddle River, New Jersey :   |b Pearson Prentice Hall,   |c 2005 
300 |a xxi, 410σ.;  |b εικ.;  |c 25εκ. 
504 |a Περιλαμβάνει βιβλιογραφία και ευρετήριο 
650 0 0 |a Direct marketing. 
700 1 |a Baier, Martin. 
852 |a INST  |b CHIOS  |e 20070824  |h 658.872 SPI  |p 005200025601  |q 005200025601  |t BK  |y 0 
901 |a BIBL2-2007-2 
909 |a Χ  |b 138139 
922 |a 2ΕΛΗ  |b 200707  |c ΕΠΕΑΕΚ2/ΤΔΕ  |d ΠΑΠΑΣΩΤΗΡΙΟΥ 
970 |a ΑΤΣΑΛΗ  |b ΔΕΣΠΟΙΝΑ  |z 2007/08/24